[Event "Jerusalem Israel op"]
[Site "Jerusalem"]
[Date "2019.12.18"]
[Round "6"]
[White "Levin, Natan"]
[Black "Gruzman, Ilya"]
[Result "0-1"]
[WhiteElo "1807"]
[BlackElo "1889"]
[PlyCount "97"]
[EventDate "2019.12.12"]
[EventType "swiss"]
[EventRounds "9"]
[EventCountry "ISR"]
[SourceTitle "CBM 193 Extra"]
[Source "ChessBase"]
[SourceDate "2020.01.31"]
[SourceVersion "1"]
[SourceVersionDate "2020.01.31"]
[SourceQuality "1"]

1. d4 Nf6 2. Nf3 d5 3. c3 c5 4. a3 e6 5. g3 Nc6 6. Bg2 Bd6 7. 0-0 Ne4 8. Nbd2 Nxd2 9. Qxd2 0-0 10. dxc5 Bxc5 11. b4 Be7 12. Rd1 Bf6 13. Bb2 b5 14. a4 Qb6 15. axb5 Qxb5 16. Bf1 Qb6 17. e3 Bb7 18. Qe2 a6 19. Rab1 e5 20. Ba1 e4 21. Ne1 Ne5 22. b5 a5 23. Bg2 Rac8 24. Nc2 Nc4 25. Nd4 Rc5 26. Qa2 Bxd4 27. cxd4 Rxb5 28. Bc3 Ra8 29. Bf1 Bc6 30. Rxb5 Bxb5 31. Bb4 Qa6 32. Bc5 a4 33. Bxc4 Bxc4 34. Qa3 Rb8 35. Ra1 Rb3 36. Qc1 h6 37. h3 Qb5 38. Ba3 Qa5 39. Rb1 Qb5 40. Rxb3 Qxb3 41. Bc5 Qd3 42. Bb4 Qe2 43. Kg2 Kh7 44. Qd2 Qf1+ 45. Kh2 a3 46. Qe1 Qd3 47. Bc3 a2 48. Ba1 Qb1 49. Qc3 0-1

[Event "EU-ch 16th"]
[Site "Jerusalem"]
[Date "2015.02.25"]
[Round "2"]
[White "Levin, Natan"]
[Black "Gershkowich, David"]
[Result "1-0"]
[WhiteElo "1869"]
[BlackElo "2227"]
[PlyCount "97"]
[EventDate "2015.02.24"]
[EventType "swiss"]
[EventRounds "11"]
[EventCountry "ISR"]
[SourceTitle "CBM 166"]
[Source "ChessBase"]
[SourceDate "2015.05.11"]
[SourceVersion "1"]
[SourceVersionDate "2015.05.11"]
[SourceQuality "1"]

1. d4 Nf6 2. Nf3 g6 3. c3 Bg7 4. Bg5 d6 5. Nbd2 h6 6. Bh4 g5 7. Bg3 Nh5 8. e3 Nd7 9. Ng1 Nxg3 10. hxg3 Nf6 11. Bd3 e5 12. Qc2 Bd7 13. a4 Qe7 14. Bb5 c6 15. Bd3 Nd5 16. dxe5 dxe5 17. Bf5 0-0 18. g4 Rfd8 19. Ne2 Nf6 20. Ng3 Nxg4 21. e4 Be6 22. Ndf1 Rd6 23. Bxg4 Bxg4 24. Ne3 Qd7 25. Ngf5 Bxf5 26. Nxf5 Rf6 27. Rd1 Qc7 28. g4 Bf8 29. Rd3 Rd8 30. Rhh3 Re8 31. Qd1 Qb6 32. Qc2 Rd8 33. Rxd8 Qxd8 34. Rd3 Qa5 35. Kf1 Kh7 36. Rd7 Kg8 37. Kg2 Re6 38. Qb3 Qa6 39. Qd1 Qc4 40. Qf3 Rf6 41. Rxb7 a5 42. b3 Qe6 43. Qd3 Qc8 44. Rd7 Re6 45. Rd8 Qc7 46. Ra8 c5 47. Qd5 Rb6 48. Rd8 Re6 49. Qa8 1-0